[Event "HUN-chT2 Erkel 2324"]
[Site "Hunagry"]
[Date "2024.05.12"]
[Round "9.6"]
[White "Vasyliv, Stanislav"]
[Black "Fecske, Csaba"]
[Result "1-0"]
[WhiteElo "2169"]
[BlackElo "1975"]
[PlyCount "89"]
[EventDate "2023.10.08"]
[EventType "team-tourn"]
[EventRounds "9"]
[EventCountry "HUN"]
[SourceTitle "EXT 2025"]
[Source "ChessBase"]
[SourceDate "2024.10.14"]
[SourceVersion "1"]
[SourceVersionDate "2024.10.14"]
[SourceQuality "1"]
[WhiteTeam "EUTender Sinus"]
[BlackTeam "Godolloi SBE"]
[WhiteTeamCountry "HUN"]
[BlackTeamCountry "HUN"]

1. Nf3 c5 2. g3 d5 3. Bg2 Nc6 4. c4 d4 5. d3 e5 6. 0-0 Bd6 7. e3 Nge7 8. exd4 exd4 9. Nbd2 Bf5 10. Ne4 Bxe4 11. dxe4 0-0 12. Nh4 Ne5 13. b3 N5g6 14. Nf5 Rb8 15. Nxd6 Qxd6 16. f4 f6 17. h4 Nc6 18. h5 Nh8 19. h6 g6 20. e5 Qe7 21. e6 Rfe8 22. f5 Ne5 23. g4 g5 24. Bd5 Rec8 25. Qe2 Qd6 26. Re1 Kf8 27. Bxg5 fxg5 28. Qxe5 Qxe5 29. Rxe5 Ke7 30. Rae1 Rf8 31. Bg2 b6 32. Rd5 Rbd8 33. Rxd8 Rxd8 34. Kf2 Rf8 35. Ke2 Rf6 36. Rh1 Rf8 37. Kd3 Kf6 38. a3 Rd8 39. Bd5 Re8 40. b4 Re7 41. bxc5 bxc5 42. Rb1 Rc7 43. Rb8 Ng6 44. fxg6 Kxg6 45. Rb7 1-0

[Event "HUN-chT2 Erkel 2324"]
[Site "Hunagry"]
[Date "2023.12.10"]
[Round "3.4"]
[White "Gabula, Adam"]
[Black "Fecske, Csaba"]
[Result "1-0"]
[WhiteElo "1952"]
[BlackElo "1936"]
[PlyCount "147"]
[EventDate "2023.10.08"]
[EventType "team-tourn"]
[EventRounds "9"]
[EventCountry "HUN"]
[SourceTitle "EXT 2025"]
[Source "ChessBase"]
[SourceDate "2024.10.14"]
[SourceVersion "1"]
[SourceVersionDate "2024.10.14"]
[SourceQuality "1"]
[WhiteTeam "TFSE"]
[BlackTeam "Godolloi SBE"]
[WhiteTeamCountry "HUN"]
[BlackTeamCountry "HUN"]

1. e4 c5 2. Nc3 e6 3. f4 d5 4. Nf3 dxe4 5. Nxe4 Nf6 6. Bb5+ Bd7 7. Bxd7+ Nbxd7 8. d3 Be7 9. Qe2 Qc7 10. Bd2 Rc8 11. c4 h6 12. 0-0 0-0 13. g3 a6 14. Bc3 b5 15. b3 b4 16. Bb2 a5 17. Ne5 a4 18. Nxd7 Qxd7 19. Nxf6+ Bxf6 20. Bxf6 gxf6 21. Rad1 f5 22. Rfe1 Qd4+ 23. Kg2 axb3 24. axb3 Ra8 25. Qf2 Qc3 26. Rd2 Rfd8 27. Red1 Rd4 28. Qf3 Rad8 29. Kh3 Kh7 30. Qb7 R8d7 31. Qc8 Qxb3 32. Qxc5 Qc3 33. Ra2 Rd8 34. Ra7 R4d7 35. Rda1 Qxd3 36. Rxd7 Rxd7 37. Qxb4 Qe2 38. Qe1 Qxc4 39. Ra8 Qe4 40. Qa1 Qd4 41. Qxd4 Rxd4 42. Ra7 Kg6 43. Rb7 Rd2 44. Re7 Re2 45. Rb7 Rd2 46. Re7 Kg7 47. Rb7 h5 48. Ra7 Kg6 49. Re7 Rd6 50. Kg2 Rd2+ 51. Kh3 Rd8 52. Kg2 h4 53. gxh4 Kf6 54. Ra7 Rg8+ 55. Kf3 Rg4 56. h3 Rxh4 57. Kg3 Rh7 58. Rb7 Kg6 59. Re7 Kh5 60. Re8 Kg6 61. Rg8+ Rg7 62. Re8 f6 63. Kf3 Kf7 64. Ra8 e5 65. fxe5 fxe5 66. Ra7+ Kf6 67. Ra6+ Kg5 68. h4+ Kxh4 69. Re6 e4+ 70. Kf4 Rg5 71. Rh6+ Rh5 72. Rb6 Kh3 73. Rb2 e3 74. Rb3 1-0

[Event "HUN-chT2 Erkel 2223"]
[Site "Hungary"]
[Date "2023.03.26"]
[Round "8.4"]
[White "Mozes, Ervin"]
[Black "Fecske, Csaba"]
[Result "1-0"]
[WhiteElo "2037"]
[BlackElo "1912"]
[PlyCount "71"]
[EventDate "2022.11.20"]
[EventType "team-tourn"]
[EventRounds "9"]
[EventCountry "HUN"]
[SourceTitle "EXT 2025"]
[Source "ChessBase"]
[SourceDate "2024.10.14"]
[SourceVersion "1"]
[SourceVersionDate "2024.10.14"]
[SourceQuality "1"]
[WhiteTeam "Kekes II"]
[BlackTeam "GSBE"]
[WhiteTeamCountry "HUN"]
[BlackTeamCountry "HUN"]

1. g3 c5 2. e4 Nc6 3. Bg2 e6 4. Ne2 Nf6 5. 0-0 Be7 6. c3 0-0 7. d4 cxd4 8. cxd4 d5 9. e5 Nd7 10. Nbc3 f6 11. exf6 Bxf6 12. Be3 Nb6 13. b3 Bd7 14. Qd2 a5 15. a4 Nc8 16. Nb5 Nb4 17. Nec3 Na7 18. Nxa7 Rxa7 19. Rac1 b5 20. axb5 Rb7 21. Bh3 Re8 22. Rfe1 Bxb5 23. Nxb5 Rxb5 24. Qe2 Rb6 25. Rc5 Nc6 26. Qd3 e5 27. Bg2 Nb4 28. Qb1 exd4 29. Bd2 Rxe1+ 30. Bxe1 Rd6 31. Bxb4 axb4 32. Qf5 Qd7 33. Bxd5+ Kf8 34. Rc8+ Ke7 35. Qe4+ Re6 36. Bxe6 1-0

[Event "HUN-chT2 Erkel 2223"]
[Site "Hungary"]
[Date "2023.01.29"]
[Round "4.7"]
[White "Fecske, Csaba"]
[Black "Bertok, Bela"]
[Result "1/2-1/2"]
[WhiteElo "1794"]
[BlackElo "1916"]
[PlyCount "26"]
[EventDate "2022.11.20"]
[EventType "team-tourn"]
[EventRounds "9"]
[EventCountry "HUN"]
[SourceTitle "EXT 2025"]
[Source "ChessBase"]
[SourceDate "2024.10.14"]
[SourceVersion "1"]
[SourceVersionDate "2024.10.14"]
[SourceQuality "1"]
[WhiteTeam "GSBE"]
[BlackTeam "HASE"]
[WhiteTeamCountry "HUN"]
[BlackTeamCountry "HUN"]

1. d4 Nf6 2. Bf4 e6 3. Nf3 c5 4. c3 Nc6 5. e3 d5 6. Nbd2 Be7 7. Be2 0-0 8. h3 b6 9. 0-0 Bb7 10. Rc1 Rc8 11. Qa4 a6 12. Ne5 b5 13. Qc2 cxd4 1/2-1/2

[Event "HUN-chT U18"]
[Site "Budapest"]
[Date "2022.11.02"]
[Round "5.1"]
[White "Fecske, Csaba"]
[Black "Kreiter, Lilla"]
[Result "1-0"]
[WhiteElo "1761"]
[BlackElo "1422"]
[PlyCount "83"]
[EventDate "2022.10.31"]
[EventType "team-swiss"]
[EventRounds "7"]
[EventCountry "HUN"]
[SourceTitle "CBM 211 Extra"]
[Source "ChessBase"]
[SourceDate "2023.01.31"]
[SourceVersion "1"]
[SourceVersionDate "2023.01.31"]
[SourceQuality "1"]
[WhiteTeam "Godollo"]
[BlackTeam "Barcza GSC II"]
[WhiteTeamCountry "HUN"]
[BlackTeamCountry "HUN"]

1. d4 Nf6 2. Bf4 g6 3. Nf3 Bg7 4. e3 0-0 5. Nbd2 d6 6. Be2 Bf5 7. 0-0 Nbd7 8. Nh4 Be6 9. h3 c5 10. c3 cxd4 11. cxd4 Rc8 12. Nb3 h6 13. Nf3 Bf5 14. Rc1 Nd5 15. Bg3 Qb6 16. Nfd2 N5f6 17. Nc4 Qd8 18. Nca5 Be4 19. Bf3 Rxc1 20. Qxc1 Bxf3 21. gxf3 Qb8 22. Qd2 Rc8 23. Rc1 Kf8 24. e4 Nh5 25. Bh2 e5 26. dxe5 Nxe5 27. Rxc8+ Qxc8 28. Qxd6+ Kg8 29. Bxe5 Bxe5 30. Qxe5 Qxh3 31. Nd4 g5 32. Qh2 g4 33. Qxh3 gxh3 34. Nxb7 Nf4 35. Nc5 Kg7 36. Nd7 Kg6 37. b4 Kg5 38. Ne5 f6 39. Nd7 Nd3 40. a3 Kf4 41. Nc5 Ne5 42. Nce6# 1-0

[Event "HUN-chT U18"]
[Site "Budapest"]
[Date "2022.11.01"]
[Round "2.1"]
[White "Fecske, Csaba"]
[Black "Varga, Gabor"]
[Result "1-0"]
[WhiteElo "1761"]
[BlackElo "2032"]
[PlyCount "87"]
[EventDate "2022.10.31"]
[EventType "team-swiss"]
[EventRounds "7"]
[EventCountry "HUN"]
[SourceTitle "CBM 211 Extra"]
[Source "ChessBase"]
[SourceDate "2023.01.31"]
[SourceVersion "1"]
[SourceVersionDate "2023.01.31"]
[SourceQuality "1"]
[WhiteTeam "Godollo"]
[BlackTeam "Meritum Egyesuelet"]
[WhiteTeamCountry "HUN"]
[BlackTeamCountry "HUN"]

1. d4 Nf6 2. Bf4 d5 3. Nf3 c5 4. e3 Nc6 5. Nbd2 Bg4 6. h3 Bh5 7. c3 e6 8. Be2 c4 9. b3 b5 10. a4 a6 11. axb5 axb5 12. b4 Be7 13. 0-0 0-0 14. Ne5 Nxe5 15. Bxh5 Nd3 16. Be2 Nxf4 17. exf4 Qc7 18. g3 Nd7 19. Qc2 f5 20. Nf3 h6 21. h4 Nf6 22. Ne5 Bd6 23. Ng6 Rfe8 24. Kg2 Qc6 25. Rfe1 Rxa1 26. Rxa1 Ra8 27. Qb2 Rxa1 28. Qxa1 Ne4 29. f3 Nf6 30. Qa7 Nd7 31. Kf2 Kh7 32. Ne5 Bxe5 33. fxe5 g5 34. h5 Kg8 35. Bd1 Nf8 36. Bc2 Qe8 37. g4 Qc8 38. gxf5 exf5 39. Qb6 Kg7 40. Qf6+ Kg8 41. Bxf5 Qa8 42. e6 Qb8 43. Kg2 Qf4 44. Qf7+ 1-0

[Event "HUN-chT2 Erkel 2122"]
[Site "Hungary"]
[Date "2022.03.20"]
[Round "8.11"]
[White "Slezak, Daniel Robert"]
[Black "Fecske, Csaba"]
[Result "0-1"]
[WhiteElo "1759"]
[BlackElo "1592"]
[PlyCount "48"]
[EventDate "2021.10.10"]
[EventType "team-tourn"]
[EventRounds "9"]
[EventCountry "HUN"]
[SourceTitle "EXT 2025"]
[Source "ChessBase"]
[SourceDate "2024.10.14"]
[SourceVersion "1"]
[SourceVersionDate "2024.10.14"]
[SourceQuality "1"]
[WhiteTeam "Vac"]
[BlackTeam "GSBE"]
[WhiteTeamCountry "HUN"]
[BlackTeamCountry "HUN"]

1. e4 c5 2. Nf3 Nc6 3. Bb5 e6 4. 0-0 Nge7 5. c3 a6 6. Ba4 b5 7. Bc2 d5 8. d4 cxd4 9. cxd4 Ng6 10. exd5 Qxd5 11. Nc3 Qd8 12. Be4 Bb7 13. d5 Nb4 14. d6 Bxe4 15. Nxe4 Nd5 16. Re1 Bxd6 17. Neg5 0-0 18. Nxe6 fxe6 19. Rxe6 Qd7 20. Rxg6 hxg6 21. Qxd5+ Kh8 22. Ne5 Qf5 23. Bf4 Bxe5 24. Bxe5 Qxf2+ 0-1

[Event "HUN-chT2 Erkel 2122"]
[Site "Hungary"]
[Date "2022.02.13"]
[Round "6.12"]
[White "Fecske, Csaba"]
[Black "Lits, Benedek"]
[Result "0-1"]
[WhiteElo "1567"]
[BlackElo "1533"]
[PlyCount "94"]
[EventDate "2021.10.10"]
[EventType "team-tourn"]
[EventRounds "9"]
[EventCountry "HUN"]
[SourceTitle "EXT 2025"]
[Source "ChessBase"]
[SourceDate "2024.10.14"]
[SourceVersion "1"]
[SourceVersionDate "2024.10.14"]
[SourceQuality "1"]
[WhiteTeam "GSBE"]
[BlackTeam "Sarkany DSE"]
[WhiteTeamCountry "HUN"]
[BlackTeamCountry "HUN"]

1. d4 d5 2. Bf4 Nf6 3. Nf3 c5 4. e3 Nc6 5. c3 Qb6 6. Qb3 c4 7. Qxb6 axb6 8. Nbd2 Bf5 9. Be2 e6 10. 0-0 h6 11. b3 b5 12. a4 bxa4 13. bxc4 dxc4 14. Nxc4 Nd5 15. Rfc1 Nxf4 16. exf4 Ra7 17. Nfe5 Be4 18. Nb6 Nxe5 19. fxe5 Bc6 20. Nxa4 Rxa4 21. Rxa4 Bxa4 22. Bf3 Bc6 23. Rb1 Kd7 24. c4 Bxf3 25. gxf3 Kc7 26. d5 exd5 27. cxd5 Bc5 28. Rc1 b6 29. Ra1 Kb7 30. Ra2 Ra8 31. Rd2 Ra4 32. e6 fxe6 33. dxe6 Kc6 34. Re2 Ra7 35. f4 Kd6 36. f5 Ke7 37. Rd2 Kf6 38. Rd5 Ra5 39. Rd7 Be7 40. Rb7 b5 41. Kg2 b4 42. Kg3 Rxf5 43. f4 h5 44. Kf3 Kxe6 45. Ke4 Ra5 46. Rb6+ Kf7 47. Rb7 Ra2 0-1